000
00323nam a22001457a 4500
008
210602b ||||| |||| 00| 0 eng d
020
_a
0060425768
041
_a
eng
080
_2
2nd
_a
91
082
_a
91
100
_a
42
101
_a
GJEO
245
_a
Geography a Modern Synthesis
_c
Peter Haggett
942
_2
udc
_c
BK
999
_c
57927
_d
57927